| 000 | 00954cam a22003371a 4500 | ||
|---|---|---|---|
| 999 |
_c1877 _d1877 |
||
| 001 | 019480632 | ||
| 003 | UkOxU | ||
| 005 | 20230213145945.0 | ||
| 008 | 121119s2014 enk j 000 f eng|d | ||
| 015 |
_aGBB2C0916 _2bnb |
||
| 016 | 7 |
_a016220473 _2Uk |
|
| 020 | _a9781907410406 (pbk.) : | ||
| 035 | _a(Uk)016220473 | ||
| 040 |
_aStDuBDS _beng _cStDuBDS _dUk _dKH8 |
||
| 042 | _aukblsr | ||
| 082 | 0 | 4 |
_aFIC BRA _223 |
| 100 | 1 |
_aBray, Libba. _eauthor |
|
| 245 | 1 | 4 |
_aThe diviners / _cLibba Bray. |
| 260 |
_aLondon : _bAtom, _c2014. |
||
| 300 |
_a578 p. : _c20 cm. |
||
| 336 |
_atext _2rdacontent |
||
| 337 |
_aunmediated _2rdamedia |
||
| 338 |
_avolume _2rdacarrier |
||
| 440 |
_aThe Diviners; _n1 |
||
| 500 | _aOriginally published: New York: Little, Brown. | ||
| 500 |
_aFormerly CIP. _5Uk |
||
| 651 | 0 |
_aNew York (N.Y.) _xHistory _y20th century _vFiction. |
|
| 655 | 0 | _aParanormal fiction. | |
| 655 | 0 | _aYoung adult fiction. | |
| 942 |
_2ddc _cFIC |
||